000 00225nam a22000857a 4500
008 160705b xxu||||| |||| 00| 0 eng d
100 _92093
_a Jain, G
245 _aSomething Special
260 _aNew Delhi
_bNational Book Trust
_c1989
999 _c1788
_d1788